| 000 | 00866nam a2200277 a 4500 | ||
|---|---|---|---|
| 001 | 1204 | ||
| 003 | BR-CuiBMT | ||
| 005 | 20231212222955.0 | ||
| 008 | 231102s2006 mgba 000 0 por d | ||
| 020 | _a8598254274 | ||
| 040 |
_aBR-CuiBMT _cBR-CuiBMT |
||
| 080 |
_a658.56 _22007 |
||
| 090 |
_a658.56 _bA282i |
||
| 100 | 1 | _aAguiar, Silvio | |
| 245 | 1 | 0 |
_aIntegração das ferramentas da qualidade ao PDCA e ao Programa Seis Sigma / _cSilvio Aguiar. |
| 260 |
_aNova Lima, MG : _bINDG, _c2006. |
||
| 300 |
_a231 p. : _bil. color. ; _c24 cm + _e3 cartazes |
||
| 490 | 1 |
_aSérie ferramentas da qualidade ; _vv. 1 |
|
| 504 | _aInclui bibliografia. | ||
| 650 | _aEstratégia empresarial | ||
| 650 | _aControle de qualidade | ||
| 650 |
_aGerenciamento _xMétodos |
||
| 650 | _aFerramentas de qualidade | ||
| 830 | 0 |
_aFerramentas da qualidade ; _v1 |
|
| 942 |
_2udc _cLV |
||
| 999 |
_c1204 _d1204 |
||